000 01129nas1a22002891i 4500
001 RU\NLR\BIBL_A\012070088
005 20260407092610.0
011 0 _a2658-7491
035 _a(NLR Aleph) 012070088
090 _a11751048
_c11751048
100 _a20190806a20199999|||y0rusy50 ca
101 0 _arus
102 _aRU
110 _aayuzz 0|y|
200 1 _aВопросы богословия
_dTheological questions
_eнаучный журнал Московской духовной академии
_zeng
207 0 _aТ. 1, № 1 (2019) -
210 _aСергиев Посад
_cИзд-во Московской духовной академии
_d2019 -
510 1 _aTheological questions
_zeng
606 _aБогословие православное
_jПериодические издания
_91149609
_3RU\NLR\AUTH\66140438
686 2 _aЭ372-4я54
711 0 2 _aМосковская духовная академия
_cСергиев Посад
_3RU\NLR\AUTH\8810050509
_9601157
852 _aNLR
_jП37/347
942 _cJOURNAL
980 _aRUSPER